Vista normal Vista MARC

Entrada Personal Name

Número de registros utilizados en: 1

001 - CONTROL NUMBER

  • control field: 43697

003 - CONTROL NUMBER IDENTIFIER

  • control field: OSt

005 - DATE AND TIME OF LATEST TRANSACTION

  • control field: 20240618092943.0

008 - FIXED-LENGTH DATA ELEMENTS

  • fixed length control field: 240618|| aca||aabn | a|a d

040 ## - CATALOGING SOURCE

  • Original cataloging agency: OSt
  • Transcribing agency: OSt

100 ## - HEADING--PERSONAL NAME

  • Personal name: Puzo, Mario,
  • Dates associated with a name: 1920 - 1999

670 ## - SOURCE DATA FOUND

  • Source citation: Work cat.: (OSt)30761: Puzo, Mario, 1920 - 1999 autor, Los tontos mueren /, 1978©